000 00553cam a22001932 4500
001 0000000439
005 20170406112616.0
008 131108s xx 000 0 eng d
020 _a9780915144150 :
_c$
040 _aYour Holding Symbol
_cYour Holding Symbol
100 1 _aGrude G.M.A.
245 1 0 _aPLATO THE TRAL AND DEATH OF SOCRATES /
_cG.M.A, Grube.
250 _a ed.
260 _acambrigde :
_bHackett publishing,
_c1975.
300 _a58 p. ;
_c cm.
591 _a2003
_bdonation
650 0 _aphilosophy.
908 _a131108
999 _c370
_d370